The biology of horticulture: an introductory textbook
Tallennettuna:
| Päätekijät: | , |
|---|---|
| Aineistotyyppi: | Kirja |
| Kieli: | englanti |
| Julkaistu: |
Nueva York
John Wiley
2005
|
| Painos: | 2a. ed |
| Aiheet: | |
| Tagit: |
Lisää tagi
Ei tageja, Lisää ensimmäinen tagi!
|
MARC
| LEADER | 00000nam a2200000 a 4500 | ||
|---|---|---|---|
| 001 | UCJ0307 | ||
| 003 | CL-VaPUC | ||
| 005 | 20240117150313.0 | ||
| 008 | 060714e20050000US |||||||||||||||||eng|d | ||
| 999 | |c 317173 |d 317171 | ||
| 020 | |a 0471465798 | ||
| 040 | |c Pontificia Universidad Católica de Valparaíso | ||
| 082 | 0 | 4 | |a 635 |b PRE |2 21 |
| 100 | 0 | |a Preece, John E |e author |9 500381 | |
| 245 | 1 | 4 | |a The biology of horticulture: an introductory textbook |
| 250 | |a 2a. ed | ||
| 260 | |a Nueva York |b John Wiley |c 2005 | ||
| 300 | |a 514 p | ||
| 583 | |a last modification |c 20130305 03:44:42 |k Rodrigo Vera | ||
| 650 | 0 | |a Horticultura |9 259721 | |
| 650 | 0 | |a Plantas |9 264202 |x Propagación | |
| 650 | 0 | |a Anatomía de las plantas |9 473962 | |
| 700 | 0 | |a Read, Paul E |e author |9 500382 | |
| 942 | |c BK |2 ddc | ||
| 945 | |d 20060714 00:00:00 |a cmena | ||
| 952 | |0 0 |1 0 |2 ddc |4 0 |6 635_000000000000000_PRE_2005 |7 0 |8 A |9 393166 |a BIBAGR |b BIBAGR |d 2019-11-22 |i 425659K |l 2 |m 2 |o 635 PRE 2005 |p 425659K |r 2025-01-20 |s 2021-11-02 |w 2019-11-22 |y BK |k AGR | ||